书目信息 |
| 题名: |
艺术与设计透视学
|
|
| 作者: | 白璎 编著 | |
| 分册: | ||
| 出版信息: | 上海 上海人民美术出版社 2005 |
|
| 页数: | 159页 | |
| 开本: | 25cm | |
| 丛书名: | 高等院校美术理论系列教材 | |
| 单 册: | ||
| 中图分类: | J062 | |
| 科图分类: | ||
| 主题词: | 透视学--高等学校-- 透视学 | |
| 电子资源: | ||
| ISBN: | 7-5322-4215-3 | |
| 000 | 01233nam0 2200349 450 | |
| 000 | 01196nam0 2200337 450 | |
| 000 | 01159nam0 2200325 450 | |
| 000 | 01158nam0 2200337 450 | |
| 000 | 01104nam0 2200313 450 | |
| 000 | 01089nam0 2200301 450 | |
| 000 | 01052nam0 2200289 45 | |
| 001 | TS2006036488 | |
| 005 | 20061207172940.25 | |
| 010 | @a7-5322-4215-3@dCNY35.00 | |
| 100 | @a20060829d2005 em y0chiy0120 ea | |
| 101 | 0 | @achi |
| 102 | @aCN@b310000 | |
| 105 | @aae z 000yy | |
| 200 | 1 | @a艺术与设计透视学@AYi Shu Yu She Ji Tou Shi Xue@f白璎编著@FBai Ying Bian Zhu |
| 210 | @a上海@c上海人民美术出版社@d2005 | |
| 215 | @a159页@c图@d25cm | |
| 225 | 2 | @a高等院校美术理论系列教材 |
| 300 | @a高等院校美术理论系列教材 | |
| 330 | @a本书从绘画和设计两个角度解析中西方不同的空间观,借此分析中西方绘画与设计的整体空间感,并且分层次介绍了绘画透视与设计透视的科学与艺术规律及其创作应用。 | |
| 410 | 0 | @12001 @a高等院校美术理论系列教材 |
| 606 | 0 | @a透视学@x高等学校@x 透视学 |
| 690 | @aJ062@v4 | |
| 701 | 0 | @a白璎@ABai Ying@4编著 |
| 801 | 0 | @aCN@b中图数据@c20061207 |
| 905 | @a10447@dJ062@e167 | |
| 艺术与设计透视学/白璎编著.-上海:上海人民美术出版社,2005 |
| 159页:图;25cm.-(高等院校美术理论系列教材) |
| 高等院校美术理论系列教材 |
| ISBN 7-5322-4215-3:CNY35.00 |
| 本书从绘画和设计两个角度解析中西方不同的空间观,借此分析中西方绘画与设计的整体空间感,并且分层次介绍了绘画透视与设计透视的科学与艺术规律及其创作应用。 |
| ● |
| 相关链接 |
|
|
|
|
正题名:艺术与设计透视学
索取号:J062/167
 
预约/预借
| 序号 | 登录号 | 条形码 | 馆藏地/架位号 | 状态 | 备注 |
| 1 | 0600744 | 206007444 | 第一样本阅览室/ [索取号:J062/167] | 在馆 | |
| 2 | 0600745 | 206007453 | 第一借阅区/ [索取号:J062/167] | 在馆 |